00425nam a2200169Ia 4500003000400000005001700004008004100021020001800062050002300080100002100103245004200124260003500166300003300201440000600234521000700240526000800247OSt20140313094400.0140130s9999 xx 000 0 und d a9780590442800 aPZ 7b.B852Ck 1984 aBridwell, Norman cNorman Bridwell.aClifford's kitten / bScholastic,c1984.aNew York : a40 p. :bcol. ill. ;c19 cm. v1 aG2 c410